Insurance: (Record no. 17103)

MARC details
000 -LEADER
fixed length control field 00684nam a22002177a 4500
005 - DATE AND TIME OF LATEST TRANSACTION
control field 20081020114213.0
008 - FIXED-LENGTH DATA ELEMENTS--GENERAL INFORMATION
fixed length control field 081020t xxu||||| |||| 00| 0 eng d
010 ## - LIBRARY OF CONGRESS CONTROL NUMBER
LC control number ENG-84139
020 ## - INTERNATIONAL STANDARD BOOK NUMBER
International Standard Book Number 8121910218
020 ## - INTERNATIONAL STANDARD BOOK NUMBER
Terms of availability 180.00 (pbk)
035 ## - SYSTEM CONTROL NUMBER
System control number EN-67672
082 ## - DEWEY DECIMAL CLASSIFICATION NUMBER
Classification number 368
100 ## - MAIN ENTRY--PERSONAL NAME
Personal name Mishra, M N
245 ## - TITLE STATEMENT
Title Insurance:
Remainder of title principles and practice /
Statement of responsibility, etc by M N Mishra
250 ## - EDITION STATEMENT
Edition statement rev ed
260 ## - PUBLICATION, DISTRIBUTION, ETC. (IMPRINT)
Place of publication, distribution, etc New Delhi
Name of publisher, distributor, etc S Chand
Place of manufacture 7361, Ram Nagar, New Delhi-110055
260 ## - PUBLICATION, DISTRIBUTION, ETC. (IMPRINT)
Date of publication, distribution, etc 2007
300 ## - PHYSICAL DESCRIPTION
Extent viii,788p
Dimensions 22cm
942 ## - ADDED ENTRY ELEMENTS (KOHA)
Source of classification or shelving scheme Dewey Decimal Classification
Koha item type English Books
Classification part 368
Call number suffix MIS
Holdings
Withdrawn status Lost status Source of classification or shelving scheme Damaged status Not for loan Home library Current library Date acquired Cost, normal purchase price Total Checkouts Full call number Barcode Date last seen Cost, replacement price Price effective from Koha item type
    Dewey Decimal Classification   Not For Loan D.B.Act.Division D.B.Act.Division 26/02/2007 180.00   368 MIS EN-67672 21/10/2008 180.00 21/10/2008 English Books

© Delhi Public Library
Hit Counter
free hit counter